<?xml version="1.0" encoding="UTF-8"?>
<record
    xmlns:xsi="http://www.w3.org/2001/XMLSchema-instance"
    xsi:schemaLocation="http://www.loc.gov/MARC21/slim http://www.loc.gov/standards/marcxml/schema/MARC21slim.xsd"
    xmlns="http://www.loc.gov/MARC21/slim">

  <leader>00450cam a22001451i 4500</leader>
  <datafield tag="020" ind1=" " ind2=" ">
    <subfield code="a">9781422172810 (alk. paper)</subfield>
  </datafield>
  <datafield tag="040" ind1=" " ind2=" ">
    <subfield code="c">DLC</subfield>
  </datafield>
  <datafield tag="082" ind1="0" ind2="0">
    <subfield code="a">658 RIT 2013 A113 Or.</subfield>
  </datafield>
  <datafield tag="100" ind1="1" ind2=" ">
    <subfield code="a">McGrath, Rita Gunther.</subfield>
  </datafield>
  <datafield tag="245" ind1="1" ind2="4">
    <subfield code="a">The end of competitive advantage :</subfield>
    <subfield code="b">how to keep your strategy moving as fast as your business /</subfield>
  </datafield>
  <datafield tag="300" ind1=" " ind2=" ">
    <subfield code="a">xviii, 204 pages :</subfield>
    <subfield code="b">illustrations ;</subfield>
    <subfield code="c">25 cm</subfield>
  </datafield>
  <datafield tag="650" ind1=" " ind2="0">
    <subfield code="a">Strategic planning.</subfield>
  </datafield>
  <datafield tag="650" ind1=" " ind2="0">
    <subfield code="a">Competition.</subfield>
  </datafield>
  <datafield tag="942" ind1=" " ind2=" ">
    <subfield code="c">EK</subfield>
  </datafield>
  <datafield tag="999" ind1=" " ind2=" ">
    <subfield code="c">17390</subfield>
    <subfield code="d">17390</subfield>
  </datafield>
  <datafield tag="952" ind1=" " ind2=" ">
    <subfield code="0">0</subfield>
    <subfield code="1">0</subfield>
    <subfield code="4">0</subfield>
    <subfield code="6">658_000000000000000_RIT_2013_A113_OR</subfield>
    <subfield code="7">0</subfield>
    <subfield code="9">75516</subfield>
    <subfield code="a">LBA</subfield>
    <subfield code="b">LBA</subfield>
    <subfield code="c">A103</subfield>
    <subfield code="d">2018-11-19</subfield>
    <subfield code="o">658 RIT 2013 A113 Or.</subfield>
    <subfield code="p">A37825</subfield>
    <subfield code="r">2018-11-19</subfield>
    <subfield code="y">EK</subfield>
  </datafield>
  <datafield tag="952" ind1=" " ind2=" ">
    <subfield code="0">0</subfield>
    <subfield code="1">0</subfield>
    <subfield code="4">0</subfield>
    <subfield code="6">658_000000000000000_RIT_2013_A113_OR</subfield>
    <subfield code="7">0</subfield>
    <subfield code="9">75522</subfield>
    <subfield code="a">LBA</subfield>
    <subfield code="b">LBA</subfield>
    <subfield code="c">A113</subfield>
    <subfield code="d">2018-11-19</subfield>
    <subfield code="o">658 RIT 2013 A113 Or.</subfield>
    <subfield code="p">A35622</subfield>
    <subfield code="r">2018-11-19</subfield>
    <subfield code="w">2018-11-19</subfield>
    <subfield code="y">EK</subfield>
  </datafield>
</record>
